Visual talks for children's groups. (Record no. 9954)

000 -LEADER
fixed length control field 00586nam a2200193 a 4500
001 - CONTROL NUMBER
control field :::00007739$&:&@@
003 - CONTROL NUMBER IDENTIFIER
control field OkBaRHE
005 - DATE AND TIME OF LATEST TRANSACTION
control field 20000607103339.0
008 - FIXED-LENGTH DATA ELEMENTS--GENERAL INFORMATION
fixed length control field s1972 j 000 0 eng u
040 ## - CATALOGING SOURCE
Transcribing agency
100 1# - MAIN ENTRY--PERSONAL NAME
Personal name Hutchcroft, Vera.
245 10 - TITLE STATEMENT
Title Visual talks for children's groups.
260 ## - PUBLICATION, DISTRIBUTION, ETC. (IMPRINT)
Place of publication, distribution, etc Cincinnati, OH., :
Name of publisher, distributor, etc Standard Publishing
Date of publication, distribution, etc c1972
300 ## - PHYSICAL DESCRIPTION
Extent 64 p. : illus. ;
Dimensions 22 cm.
650 ## - SUBJECT ADDED ENTRY--TOPICAL TERM
Topical term or geographic name as entry element Children's Sermons
650 ## - SUBJECT ADDED ENTRY--TOPICAL TERM
Topical term or geographic name as entry element Object-teaching
942 ## - ADDED ENTRY ELEMENTS (KOHA)
Source of classification or shelving scheme
Koha item type Books
Copies
Date last seen Source of classification or shelving scheme Barcode Date acquired Full call number Koha item type Price effective from Permanent Location Shelving location Damaged status Copy number Not for loan Lost status Withdrawn status
2010-04-14 77392010-04-14BV 1535 .H8Books2010-04-14RHEMA Bible Training CollegeGeneral Stacks 1